Джихад : (Record no. 163883)
[ view plain ]
| 000 -LEADER | |
|---|---|
| fixed length control field | 01396nam a2200265 u 4500 |
| 001 - CONTROL NUMBER | |
| control field | 000449666 |
| 003 - CONTROL NUMBER IDENTIFIER | |
| control field | AM-YeHGA |
| 005 - DATE AND TIME OF LATEST TRANSACTION | |
| control field | 20250617133323.0 |
| 008 - FIXED-LENGTH DATA ELEMENTS--GENERAL INFORMATION | |
| fixed length control field | 050708s2004 ||||||||||||||000|0|rus d |
| 020 ## - INTERNATIONAL STANDARD BOOK NUMBER | |
| International Standard Book Number | 586218385X |
| 040 ## - CATALOGING SOURCE | |
| Original cataloging agency | AM-YeHGA |
| 041 1# - LANGUAGE CODE | |
| Language code of text/sound track or separate title | rus |
| Language code of original | fre |
| 090 ## - LOCALLY ASSIGNED LC-TYPE CALL NUMBER (OCLC); LOCAL CALL NUMBER (RLIN) | |
| -- | 165305 |
| 100 1# - MAIN ENTRY--PERSONAL NAME | |
| Personal name | Кепель, Жиль |
| 245 10 - TITLE STATEMENT | |
| Title | Джихад : |
| Remainder of title | Экспансия и закат исламизма / |
| Statement of responsibility, etc. | Жиль Кепель; Пер. с фр. В.Ф. Денисова. |
| 246 15 - VARYING FORM OF TITLE | |
| Title proper/short title | Jihad |
| 260 ## - PUBLICATION, DISTRIBUTION, ETC. | |
| Place of publication, distribution, etc. | Москва : |
| Name of publisher, distributor, etc. | Ладомир, |
| Date of publication, distribution, etc. | 2004. |
| 300 ## - PHYSICAL DESCRIPTION | |
| Extent | 466 с. |
| 500 ## - GENERAL NOTE | |
| General note | На авантит.: Programme A.Pouchkine |
| 520 ## - SUMMARY, ETC. | |
| Summary, etc. | Автор подводит итог последнему по времени 25-летнему историческому отрезку в развитии исламизма. Рассматриваются три этапа этого движения: расцвет исламизма (70-е годы), победа революции в Иране (1979 г.), джихад против СССР (80-е годы) и закат джихада. |
| 650 14 - SUBJECT ADDED ENTRY--TOPICAL TERM | |
| Topical term or geographic name entry element | Исторические науки |
| General subdivision | Классовая борьба |
| Geographic subdivision | Азия и Африка |
| Chronological subdivision | Период с 1918 г. |
| 653 0# - INDEX TERM--UNCONTROLLED | |
| Uncontrolled term | Политический строй |
| 653 0# - INDEX TERM--UNCONTROLLED | |
| Uncontrolled term | Политическая роль церкви |
| 767 1# - TRANSLATION ENTRY | |
| Title | Jihad |
| Place, publisher, and date of publication | Paris: Gallimard, 2000 |
| Withdrawn status | Lost status | Damaged status | Not for loan | Collection | Home library | Current library | Date acquired | Total checkouts | Full call number | Barcode | Date last seen | Price effective from | Koha item type | Public note |
|---|---|---|---|---|---|---|---|---|---|---|---|---|---|---|
| General | Fundamental Scientific Library | Fundamental Scientific Library | 28/12/2016 | 323.28+297 | 120650964 | 28/12/2016 | 28/12/2016 | Գրքեր / Books | Two weeks Loan |
ՀՀ Գիտությունների ազգային ակադեմիայի հիմնարար գիտական գրադարան = Fundamental Scientific Library of NAS RA
All site content, except where otherwise noted, is licensed under a